| 000 | 00552nam a22001697a 4500 | ||
|---|---|---|---|
| 999 |
_c184500 _d184500 |
||
| 005 | 20220121112556.0 | ||
| 010 | _aENG-131297 | ||
| 020 |
_a978-93-5322-880-4 _c325.00 |
||
| 035 | _aEN-114829 | ||
| 037 | _bDBAD | ||
| 082 | _a000 | ||
| 245 |
_aSSC CHSL (10+2) Tier 1: _bOnline Recruitment Examination-2020 General Inteligence/ |
||
| 260 |
_aNew Delhi _bPrabhat Exam _c2019 |
||
| 270 |
_bNew Delhi _a4/19, Asaf Ali Road _e110002 _k23289555, 23289666 _mprabhatbook@gmail.com |
||
| 300 |
_a224p. _c28cm(pbk) |
||
| 942 |
_2ddc _cEN _h000 _mSSC |
||